| 000 | 00910cab a2200241 4500 | ||
|---|---|---|---|
| 001 | X93826 | ||
| 008 | 090401t1998 xxu||||| |||| 00| 0 eng d | ||
| 035 | _a(Sirsi) u88420 | ||
| 041 | _aeng | ||
| 245 | _aJones ex p Architects Registration Board v R. Baden Hellard | ||
| 260 | _c1998 | ||
| 350 | _a0 | ||
| 490 |
_aConstruction Law Journal _v(1998) 14 Const. LJ 299-305(7) |
||
| 520 | _aQBD 6 March 1998. Architect - Architects Registration Act 1938 - section 1 - use of initials FRIBA by arbitrator - whether pracyising under name style or title containing the word architect. | ||
| 650 | _aARBITRATORS | ||
| 650 | _aARCHITECTS | ||
| 650 | _aARCHITECTS REGISTRATION ACT 1938 | ||
| 650 | _aARCHITECTS REGISTRATION BOARD | ||
| 650 | _aJONES EX P ARCHITECTS REGISTRATION BOARD V BADEN HELLARD | ||
| 690 | _aMANAGEMENT-BUSINESS MANAGEMENT-PROFESSIONAL PRACTICE | ||
| 942 | _n0 | ||
| 948 | _c11/09/1998 | ||
| 999 |
_c55853 _d55853 |
||